000 00526nam a2200193Ia 4500
005 20250326142303.0
008 250326s9999 xx 000 0 und d
020 _a0-7499-1386-X
037 _aTextbook
040 _aFMSL
_beng
_cFMSL
041 _aeng
_2eng
084 _aX:326.7 N3
_qFMSL
100 _aHampden C
_9745880
245 0 _aSeven cultures of capitalism
_cHampden C And Others
260 _aNY
_bNY, Dubleday
_c1993
300 _axi,417
942 _cTB
_hX:326.7 N3
999 _c1294307
_d1294307